000 00284 a2200121 4500
001 34163
022 _a004 NOR
090 _c22642
_d22642
100 _aChawla K.K. ; Nortons's, Peter
245 _aComputing Fundamentals
260 _aBostan
_bMc Graw Hill
_c1998
300 _axv, 498
942 _aNUST-CAE
_k004 NOR
999 _c269236
_d269236